On the structure of moving average processes (Registro nro. 26125)

Detalles MARC
000 -LEADER
fixed length control field 00404 a2200133 4500
001 - CONTROL NUMBER
control field ART_12141
005 - DATE AND TIME OF LATEST TRANSACTION
control field 20260410161903.0
008 - FIXED-LENGTH DATA ELEMENTS--GENERAL INFORMATION
fixed length control field 260409a
100 1# - MAIN ENTRY--PERSONAL NAME
Personal name Ansley, Craig F.
245 10 - TITLE STATEMENT
Title On the structure of moving average processes
700 1# - ADDED ENTRY--PERSONAL NAME
Personal name Spinvey, W. Allen
700 1# - ADDED ENTRY--PERSONAL NAME
Personal name Wrobleski, William J.
773 0# - HOST ITEM ENTRY
Title Journal of econometrics
Related parts - Vol. 6, Nº 1 (jul. 1977)
Record control number REV11720

No hay ítems disponibles.